| 000 | 00920nas a2200301 4500 | ||
|---|---|---|---|
| 001 | BR0800084 | ||
| 003 | BR-BrBNA | ||
| 005 | 20231205111430.0 | ||
| 007 | ta | ||
| 008 | 230509b bl.|||p| |||| 00| 00por d | ||
| 040 |
_aBR-BrBNA _bpor _cBiblioteca Nacional de Agricultura |
||
| 041 | _a(Pt) | ||
| 072 | _aL53 | ||
| 100 | 1 | _aRovay, H. | |
| 100 | 1 | _aTorres, C.A.A. | |
| 100 | 1 | _aRubert, M.A. | |
| 100 | 1 | _aFürst, R. | |
| 100 | 1 | _aProperi, C.P. | |
| 100 | 1 | _aMaffili, V.V. | |
| 100 | 1 | _aFonseca, J.F. | |
| 245 | 1 |
_aDiagnóstico de gestação por meio de avaliação ultra-sonográfica em caprinos _b7 Jornada de Medicina Veterinária |
|
| 650 | _aCAPRINO | ||
| 650 | _aREPRODUÇÃO | ||
| 650 | _aRADIOGRAFIA | ||
| 773 | 0 |
_tArquivos de Ciências Veterinárias e Zoologia da UNIPAR (Brazil) _xISSN 1415-8167 _g(Jul-Dec 2002) _wBR0800084 |
|
| 909 |
_a202311 _bLúcia _c55 _dLúcia Elande |
||
| 942 |
_2AGRIS _n0 _cANA |
||
| 999 |
_c192695 _d192695 |
||